000 01216nam0a22002771 4500
001 rc\4386536
005 20250612070120.0
021 _aRU
_b[63-63781]
035 _a(NLR Aleph) 008550955
090 _a8405971
_c8405971
100 _a20130416d1963 |||y0rusy50 ca
101 0 _arus
102 _aRU
105 _aa j |||||
200 1 _aВысшие учебные заведения и научно-исследовательские учреждения Швеции
_e[Обзор]
_fГос. ком. по координации науч.-исслед. работ СССР. Акад. наук СССР. Всесоюз. ин-т науч. и техн. информации
210 _aМосква
_cБ. и.
_d1963
215 _a91 с., 4 л. черт.
_cчерт.
_d21
320 _aБиблиогр.: с. 89-90 (66 назв.)
606 _aВысшие учебные заведения
_yШвеция
_2psbo
606 _aНаучно-исследовательские учреждения
_yШвеция
_2psbo
700 1 _aГорбунова
_bТ.В.
_gТатьяна Васильевна
801 0 _aRU
_bNLR
_gpsbo
801 1 _aRU
_bELAR
_2rusmarc
852 _aNLR
_j63-5/4170
942 _cBOOK
980 _aNB